Szczegóły MARC21

Islam w feudalnych państwach arabskich i w krajach ościennych : (VII-XV w.) /

003 -Nazwa inst., której nr kontr. jest w polu 001 [,]
    • @
    • Nazwa instytucji, której n kontrolny jest w polu 001
    • NUKAT
005 -DATA I CZAS OSTATNIEJ MODYFIKACJI [,]
    • @
    • pole kontrolne
    • 20241231115354.0
040 -Instytucja sporządzająca opis [ , ]
    • a
    • Instytucja, która sporządziła opis (NP)
    • GD U/1AA
    • c
    • Instytucja, która sporządziła rekord (NP)
    • GD U/1AAs
041 -Język dokumentu [1, ]
    • a
    • Język tekstu (P)
    • polski
    • h
    • Język tekstu oryginalnego i/lub pośredniego (P)
    • wielojęzyczny
942 -Rodzaj dokumentu [ , ]
    • c
    • Rodzaj dokumentu
    • Książka
245 -Strefa tytułu i oznaczenia odpowiedzialności [0,0]
    • a
    • Tytuł
    • Islam w feudalnych państwach arabskich i w krajach ościennych : Find
    • b
    • Ciąg dalszy tytułu (NP)
    • (VII-XV w.) / Find
    • c
    • Pozostałe elementy strefy tytułu i oznaczenia odpowiedzialności (NP)
    • wybór, przekł. i oprac. Jerzy Hauziński ; Uniwersytet im. Adama Mickiewicza w Poznaniu.
260 -Strefa adresu wydawniczego [ , ]
    • a
    • Miejsce wydania (P)
    • Poznań :
    • b
    • Nazwa wydawcy (P)
    • Wydaw. Naukowe im. Adama Mickiewicza,
    • c
    • Data wydania (P)
    • 1976.
300 -Strefa opisu fizycznego [ , ]
    • a
    • Określenie formy książki i/lub objętość (NP)
    • 368, [1] s. :
    • b
    • Oznaczenie ilustracji (NP)
    • err. ;
    • c
    • Format (NP)
    • 24 cm.
336 -Typ zawartości [ , ]
    • a
    • Termin opisujący typ zawartości
    • Tekst
    • b
    • Kod określający zawartość
    • txt
    • 2
    • Źródło (terminu i kodu)
    • rdacontent
337 -Typ mediów [ , ]
    • a
    • Tryb odtwarzania
    • Bez urządzenia pośredniczącego
    • b
    • Kod typu mediów
    • n
    • 2
    • Źródło (terminu i kodu)
    • rdamedia
338 -Typ/rodzaj nośnika [ , ]
    • a
    • Hasło opisujące typ nośnika
    • Wolumin
    • b
    • Kod typu nośnika
    • nc
    • 2
    • Źródło (terminu i kodu)
    • rdacarrier
490 -Strefa serii i książki wielotomowej - forma nie do wyszukiwania [1, ]
    • a
    • Tytuł (P)
    • Teksty źródłowe do dziejów powszechnych Europy i krajów sąsiednich : (VI-XV w.) / pod red. Gerarda Labudy ; Find
    • v
    • Numeracja (P)
    • t. 1
830 -Hasło dodatkowe serii i opisu książki wielotomowej - tytuł ujednolicony/tytuł [ ,0]
    • a
    • Tytuł ujednolicony/tytuł (NP)
    • Teksty źródłowe do dziejów powszechnych Europy i krajów sąsiednich
    • v
    • Oznaczenie tomu (NP)
    • t. 1
504 -Uwaga dot. bibliogr. załącznikowej [ , ]
    • a
    • Uwaga dot. bibliografii załącznikowej
    • Indeksy.
546 -Uwaga dot. języka [ , ]
    • a
    • Uwaga dot. języka
    • Teksty orientalne tł. z różnych jęz. oryg. i przekł. pośrednich.
650 -Hasło przedmiotowe [ ,7]
    • a
    • Hasło przedmiotowe
    • Islam i państwo.
    • 2
    • Źródło terminu
    • kaba
    • 9
    • KHW
    • 112454
650 -Hasło przedmiotowe [ ,7]
    • a
    • Hasło przedmiotowe
    • Cywilizacja islamska
    • y
    • Określnik chronologiczny
    • 622-1258
    • v
    • Określnik formalny
    • źródła.
    • 2
    • Źródło terminu
    • kaba
    • 9
    • KHW
    • 600975
651 -Hasło przedmiotowe w formie nazwy geograficznej [ ,7]
    • a
    • Nazwa geograficzna
    • Islamskie, Imperium.
    • 2
    • Źródło terminu
    • kaba
    • 9
    • KHW
    • 112463
651 -Hasło przedmiotowe w formie nazwy geograficznej [ ,7]
    • a
    • Nazwa geograficzna
    • Islamskie, Imperium
    • y
    • Określnik chronologiczny
    • 750-1258
    • v
    • Określnik formalny
    • żródła.
    • 2
    • Źródło terminu
    • kaba
    • 9
    • KHW
    • 600976
700 -Hasło dodatkowe - nazwa osobowa [1, ]
    • a
    • Nazwa osobowa (NP)
    • Hauziński, Jerzy Find
    • d
    • Daty biograficzne (NP)
    • (1946-2020).
    • e
    • Określenie rodzaju współpracy
    • Wybór
    • 9
    • KHW
    • 16552
700 -Hasło dodatkowe - nazwa osobowa [1, ]
    • a
    • Nazwa osobowa (NP)
    • Labuda, Gerard Find
    • d
    • Daty biograficzne (NP)
    • (1916-2010).
    • e
    • Określenie rodzaju współpracy
    • Red.
    • 9
    • KHW
    • 48449
Numer inwentarzowy Sygnatura Status udost. Lokalizacja Data inwentaryzacji
Z.32584Z.325841BG2006-02-02
W.107327 -3BG2006-02-02
F.3901F.3901-3BNS 
H.14269 -3BNS2006-03-14
ANS.1271509(2)/I-851BNS